000 00429cam a2200181ua 4500
020 _c1.25
041 _ahin
_h
082 _a891.54
_bVRI/SH
100 _aVrindavan Lal, Varma .
245 _aSharangat /
_cVrindavan lal varma.
_hTextual Documents
250 _a5 /
_b.
260 _aJhansi :
_bMayoor Prakashan ,
_c1962.
300 _a110 ; .
365 _a1.25
504 _a
942 _cBK
999 _c8273
_d8273